Tilastot visalle Satunnaisia peräkkäisiä Suomen maakuntia kartalla

Klikkaa tästä pelataksesi tätä visaa!

Yleistilastot

  • Tätä visaa on pelattu 878 kertaa
    (96 viimeisimmän päivityksen jälkeen)
  • Keskiarvotulos 16 / 19

Vastaukset kartalla

Vastauksille on annettu kartalla punavihreä väri sen mukaan, kuinka moni on saanut sen oikein.
Ladataan ...
 

Vastaustilastot

Maakunta% Oikein
Uusimaa
92%
Ahvenanmaa
91%
Lappi
88%
Keski-Suomi
88%
Kainuu
87%
Pirkanmaa
87%
Pohjanmaa
86%
Etelä-Pohjanmaa
86%
Etelä-Karjala
86%
Pohjois-Pohjanmaa
85%
Varsinais-Suomi
85%
Pohjois-Karjala
85%
Päijät-Häme
85%
Kymenlaakso
85%
Etelä-Savo
83%
Pohjois-Savo
83%
Keski-Pohjanmaa
82%
Satakunta
81%
Kanta-Häme
81%

Tulosjakauma

Persentiili vastausten määrän mukaan

Jokaisen tuloksen saaneiden osuus

Tuloshistoriasi

Et ole pelannut tätä visaa sen viimeisimmän päivityksen jälkeen